Arabian niemimaata ympäröivät vesistöt - Statistics

Yleistilastot
  • Tätä visaa on pelattu 296 kertaa
  • Keskiarvotulos 4 / 8
Vastaukset kartalla
Vastauksille on annettu kartalla punavihreä väri sen mukaan, kuinka moni on saanut sen oikein.
 
Vastaustilastot
Vesistö % Oikein
{Punainen}meri
93%
{Persian}lahti
76%
{Arabian}meri
67%
{Adenin}lahti
46%
{Omanin}lahti
42%
{Hormuzin}salmi
37%
{Akaban}lahti
23%
Bab el {Mandeb}
18%
Ehtoja vastaavia visoja ei löytynyt
Tulosjakauma
Jokaisen tuloksen saaneiden osuus
Persentiili vastausten määrän mukaan
Tuloshistoriasi
Et ole pelannut tätä visaa